International Capital Markets /

Compilación en tres volúmenes de trabajos sobre los mercados internacionales de capital. En el primer volumen se abordan las teorías sobre las opciones internacionales y la tasación de activos, a la vez que ofrece una mirada empírica a los modelos de tasación de activos. El segundo, cubre la diversi...

Descrición completa

Gardado en:
Detalles Bibliográficos
Autor Principal: Karolyi, G. Andrew (ed.)
Outros autores: Stulz, René M. (edición) (edición)
Formato: Libro
Idioma:inglés
Publicado: Cheltenham, Inglaterra : Edward Elgar, 2003, c2003
Series:(The International Library of Critical Writings in Financial Economics ; 12)
Temas:
Etiquetas: Engadir etiqueta
Sen Etiquetas, Sexa o primeiro en etiquetar este rexistro!

MARC

LEADER 00000nam^a2200000^a^4500
001 000182633
005 20250521000000.0
009 20260310102014.038
020 |a 1-84064-723-X 
037 |a Acervo ITESO - Biblioteca 
041 |a ING 
082 |a 332. 042  |b KAR 
100 |a Karolyi, G. Andrew  |e (ed.) 
245 1 0 |a International Capital Markets /  |c Ed. e introd. de G.A. Karolyi, R.M. Stulz ; pról. de Richard Roll. 
264 4 |a Cheltenham, Inglaterra :  |b Edward Elgar,  |c 2003, c2003 
300 |a 3 v. (XX, 491, VIII, 601, VIII, 613 p.) 
336 |a texto  |b txt  |2 rdacontenido 
337 |a sin mediación  |b n  |2 rdamedio 
338 |a volumen  |b nc  |2 rdasoporte 
440 5 |a (The International Library of Critical Writings in Financial Economics ;  |v 12) 
520 |a Compilación en tres volúmenes de trabajos sobre los mercados internacionales de capital. En el primer volumen se abordan las teorías sobre las opciones internacionales y la tasación de activos, a la vez que ofrece una mirada empírica a los modelos de tasación de activos. El segundo, cubre la diversificación internacional del portafolio, así como los intereses y las tasas de cambio. El tercero, trata sobre las teorías de barreras a las inversiones internacionales, el flujo de capitales internacionales y las anomalías en los mercados internacionales de capitales. 
649 |a XX 
650 |a Precios 
650 |a Tipo de Cambio 
650 |a Divisas 
650 |a Interés (Economía) 
650 |a Mercado de Capitales 
650 |a Mercado Cambiario 
650 |a Capital 
650 |a Bancos y Operaciones Bancarias 
650 |a Sistema Financiero 
650 |a Finanzas Internacionales 
650 |a Economía Internacional 
700 |a Stulz, René M.  |e (edición) 
910 |a Fondo General 
920 |a Impresos - Libros 
930 |a Colección General 
905 |a 101 
901 |a 0500122589  |b IT1  |c ACC  |u 20250521 
901 |a 0500122592  |b IT1  |c ACC  |u 20250521 
901 |a 0500122595  |b IT1  |c ACC  |u 20250521 
902 |a https://opac.biblio.iteso.mx/vufind/Record/000182633